00904 a2200205 45000010006000000050017000060080041000230030015000640400040000790800091001192450117002100200022003272640038003493000019003875050225004060410008006311000021006397000019006607000019006796060920260407155857.0260407a2004 arg spa dAR-UNSa-BCEJYS aAR-UNSa-BCEJYSbspacAR-UNSa-BCEJYS a338.124xRetroceso de la actividad económica. Contracción económica (Pobreza...)10aCómo considerar la pobreza en las reformas de infraestructurapLecciones de la experiencia en América Latina a978-958-682-473-6 1aWashington :bBanco Mundialc2004 a105 p.c23 cm. a1. Vínculos macroeconómicos y microeconómicos entre las reformas de infraestructura y la pobreza - 2. Como se promueve el acceso – 3. Como se asegura la capacidad de pago – 4. Como se establecen las prioridades aspa1 aEstache, Antonio1 aFoster, Vivien1 aWodon, Quentin